Health & wellness tourism : (Record no. 7035)

MARC details
000 -LEADER
fixed length control field 00732nam a22002057a 4500
003 - CONTROL NUMBER IDENTIFIER
control field OSt
005 - DATE AND TIME OF LATEST TRANSACTION
control field 20251211034457.0
008 - FIXED-LENGTH DATA ELEMENTS--GENERAL INFORMATION
fixed length control field 251211b |||||||| |||| 00| 0 eng d
020 ## - INTERNATIONAL STANDARD BOOK NUMBER
International Standard Book Number 978-971-92292-2-3.
040 ## - CATALOGING SOURCE
Original cataloging agency DWCL-Admin lib
Transcribing agency OC
082 ## - DEWEY DECIMAL CLASSIFICATION NUMBER
Classification number Fil. 613 J41h 2007
100 ## - MAIN ENTRY--PERSONAL NAME
Personal name Javier, Nancy Joan M.
245 ## - TITLE STATEMENT
Title Health & wellness tourism :
Remainder of title regulation, trends & challenges : focus on the Philippines/
Statement of responsibility, etc. Nancy Joan M. Javier
260 ## - PUBLICATION, DISTRIBUTION, ETC.
Place of publication, distribution, etc. quezon City :
Name of publisher, distributor, etc. Lex tourismo Pub. ,
Date of publication, distribution, etc. c2007
300 ## - PHYSICAL DESCRIPTION
Extent iii, 243 p. :
Other physical details ill. ;
Dimensions 23 cm.
504 ## - BIBLIOGRAPHY, ETC. NOTE
Bibliography, etc. note Includes bibliographical references & index.
650 ## - SUBJECT ADDED ENTRY--TOPICAL TERM
Topical term or geographic name entry element 1. Health resorts-Philippines
650 ## - SUBJECT ADDED ENTRY--TOPICAL TERM
Topical term or geographic name entry element 2. Medical tourism-Philippines.
942 ## - ADDED ENTRY ELEMENTS (KOHA)
Source of classification or shelving scheme Dewey Decimal Classification
Koha item type Book-Filipiniana
Classification part Fil.
Suppress in OPAC No
952 ## - LOCATION AND ITEM INFORMATION (KOHA)
--
Holdings
Withdrawn status Lost status Source of classification or shelving scheme Damaged status Not for loan Home library Current library Shelving location Date acquired Source of acquisition Total Checkouts Full call number Barcode Date last seen Copy number Price effective from Koha item type Uniform Resource Identifier
    Dewey Decimal Classification     College Library HM & Nursing Library Filipiniana 07/07/2011 School Fund   Fil. 613 J41h 2007 CL48631 12/11/2025 c1 12/11/2025 BK - FIL